Statistics for Mckenna Grace Filmography

Click here to take the quiz!

General Stats

  • This quiz has been taken 36 times
    (12 since last reset)
  • The average score is 14 of 71

Answer Stats

TypeYearName% Correct
TV Show2018-2023Young Sheldon
89%
Film2017Gifted
78%
Film2023Crater
67%
TV Film2018The Bad Seed
67%
Film2019Captain Marvel
56%
Web Series2016-2020Fuller House
56%
Film2021Ghostbusters: Afterlife
56%
Web Series2018Chilling Adventures of Sabrina
44%
Film2017I, Tonya
44%
TV Film2022The Bad Seed Returns
44%
Short Film2013R
33%
Web Series2021-2022The Handmaid's Tale
33%
Web Mini-Series2022A Friend of the Family
22%
Film2017Amityville: The Awakening
22%
Film2019Annabelle Comes Home
22%
TV Show2016-2019Designated Survivor
22%
Film2017How to Be a Latin Lover
22%
Web Series2021Just Beyond
22%
Film2021Malignant
22%
Film2016Mr. Church
22%
TV Show2015, 2017Once Upon a Time
22%
Web Mini-Series2018The Haunting of Hill House
22%
TV Show2015The Vampire Diaries
22%
Film2019Troop Zero
22%
TV Show2016Bizaardvark
11%
TV Show2014Clarence
11%
TV Film2014Clementine
11%
TV Show2014CSI: Crime Scene Investigation
11%
TV Show2015CSI: Cyber
11%
TV Show2015Dog with a Blog
11%
TV Show2016, 2018Elena of Avalor
11%
Film2015Frankenstein
11%
TV Film2015Genie in a Bikini
11%
Video Game2021Ghostbusters: Afterlife ScARe
11%
Commercial2014GoldieBlox
11%
Film2013Goodbye World
11%
TV Show2014Gravity Falls
11%
Web Mini-Series2020Home Movie: The Princess Bride
11%
Film2016Independence Day: Resurgence
11%
TV Show2013, 2014Instant Mom
11%
TV Pilot2013Joe, Joe & Jane
11%
TV Show2015K.C. Undercover
11%
TV Film2014Love Is Relative
11%
Short Film2018Lucky Penny
11%
TV Pilot2016Marvel's Most Wanted
11%
TV Show2017-2021Mickey Mouse Mixed-Up Adventures
11%
Film2023PAW Patrol: The Mighty Movie
11%
Film2024Perfect
11%
Commercial2013PETCO
11%
TV Show2015Pickle and Peanut
11%
Film2024Rabbit Cake
11%
Film2018Ready Player One
11%
Film2015Russell Madness
11%
Film2020Scoob!
11%
Film2023Scoob!: Holiday Haunt
11%
FilmTBASpider & Jessie
11%
Web Series2022Spirit & Friends
11%
Film2021Spirit Untamed
11%
Film2013Suburban Gothic
11%
TV Show2016Teachers
11%
Film2016The Angry Birds Movie
11%
TV Show2014The Bridge
11%
Podcast2023The Foxes of Hydesville
11%
TV Show2013The Goodwin Games
11%
TV Show2016, 2017The Lion Guard
11%
Short Film2015The Pearl Whale
11%
TV Show2013-2015The Young and the Restless
11%
TV Film2015Babysitter's Black Book
0%
TV Show2012-2014Crash & Berstein
0%
Web Series2016JoJo's Juice
0%
Music Video2020Queen of the Broken Hearts
0%

Score Distribution

Percentile by Number Answered

Percent of People with Each Score

Your Score History

You have not taken this quiz since the last reset